ANALÝZA ODPADNÍCH KALŮ METODOU ICP-OES

Bibliographic Details
Main Author: Fišera, Miroslav (Author)
Format: Article
Language:Czech

MARC

LEADER 00000naa a2200000uu 4500
001 vtls011089978
003 SK-MaSNL
005 20260302110020.0
008 220810|1996 xo |||||||||||||||||cze|
015 |a SNBRA 
035 |a (urnnbn)urn:nbn:sk:snk:ar-a0cplr 
035 |a (uuid)0c8c1004-f12b-4bfc-8372-7677ee7c3b49 
035 |a urn:nbn:sk:snk-aavvd7 
040 |a SNKBUCL  |b slo  |c SNKBUCL  |e AACR2 
041 0 |a cze 
044 |a xo  |c SK 
100 1 |a Fišera, Miroslav  |4 aut  |9 785496 
245 1 0 |a ANALÝZA ODPADNÍCH KALŮ METODOU ICP-OES  |c Miroslav Fišera 
246 3 |a THE ANALYSIS OF SEWAGE SLUDGE BY ICP-OES METHOD 
773 0 |t 13. seminár atómovej spektrochémie  |d Košice : Štroffek pre Slovenskú spektroskopickú spoločnosť, 1996  |g S. 69-73  |z 8096732579 
954 |a odborná, vedecká literatúra cudzojazyčná (svetová)  |2 lita 
958 |a OND 
958 |a article12 
958 |a chapter 
999 |c 1241321  |d 1243251